00853cam a22002291 4500001001300000003000400013005001700017008004100034010001700075035001900092040001800111042001200129050001700141110006400158245019000222260006400412300001800476505005200494650003600546700002400582999001700606sa 64005682 DLC20260227112034.0750715s1953 xx 000 0 eng  asa 64005682  a(OCoLC)1449753 aDLCcNRUdDLC apremarc00aZ6605.M4bM32 aGovernment Oriental Manuscripts Library (Tamil Nadu, India)12aA descriptive catalogue of the Marathi manuscripts in the Government Oriental Manuscripts Library, Madras,cby T. Chandrasekharan. Prepared under the orders of the Government of Madras. aMadras,bPrinted by the Superintendent, Govt. Press,c1953- a v.c25 cm.0 av. 1. D. Nos. 1 to 308.--v. 2. D. Nos. 309-444. 0aManuscripts, MarathivCatalogs.1 aChandrasekharan, T. c59265d59265